[Event "Centrocoop June op-A"]
[Site "Eforie Nord "]
[Date "1998.??.??"]
[Round "?"]
[White "Diulger, Alexey"]
[Black "Stefirtsa, Vsevolod"]
[Result "1-0"]
[WhiteElo "2180"]
[BlackElo "2100"]
[PlyCount "63"]
[EventDate "1998.06.??"]
[EventType "swiss"]
[EventRounds "11"]
[EventCountry "ROU"]
[SourceTitle "EXT 2000"]
[Source "ChessBase"]
[SourceDate "1999.11.16"]
[SourceVersion "1"]
[SourceVersionDate "1999.11.16"]
[SourceQuality "1"]

1. d4 Nf6 2. Nf3 c5 3. d5 b5 4. c4 Bb7 5. g3 e6 6. dxe6 fxe6 7. cxb5 Ne4 8. Nc3 Nxc3 9. bxc3 Qa5 10. Qd3 a6 11. bxa6 Bxa6 12. Qc2 Nc6 13. Bg2 Be7 14. 0-0 Bf6 15. Bd2 Bxe2 16. Rfe1 Qa6 17. Be3 Bd3 18. Qd2 c4 19. Bd4 Nxd4 20. cxd4 Rb8 21. Ne5 Bxe5 22. Rxe5 0-0 23. d5 Qa3 24. dxe6 dxe6 25. Qe3 Rb2 26. Rxe6 Rbxf2 27. Bd5 Rf1+ 28. Rxf1 Rxf1+ 29. Kg2 Qb2+ 30. Qe2 Rg1+ 31. Kxg1 Qd4+ 32. Qf2 1-0

[Event "Centrocoop June op-A"]
[Site "Eforie Nord "]
[Date "1998.??.??"]
[Round "?"]
[White "Stefirtsa, Vsevolod"]
[Black "Tkachenko, Vadim"]
[Result "1-0"]
[WhiteElo "2100"]
[BlackElo "2000"]
[PlyCount "47"]
[EventDate "1998.06.??"]
[EventType "swiss"]
[EventRounds "11"]
[EventCountry "ROU"]
[SourceTitle "EXT 2000"]
[Source "ChessBase"]
[SourceDate "1999.11.16"]
[SourceVersion "1"]
[SourceVersionDate "1999.11.16"]
[SourceQuality "1"]

1. e4 c5 2. Nc3 e6 3. g3 b6 4. Bg2 Bb7 5. Nge2 g6 6. d4 Bg7 7. 0-0 Ne7 8. dxc5 bxc5 9. Qd6 Na6 10. Bg5 f6 11. Be3 Nc8 12. Qd2 h5 13. Rad1 h4 14. Nf4 hxg3 15. fxg3 Bh6 16. Nxe6 Bxe3+ 17. Qxe3 Qe7 18. Nf4 Qh7 19. h3 Ne7 20. Ncd5 Bxd5 21. Nxd5 Nxd5 22. exd5+ Qe7 23. Qxe7+ Kxe7 24. d6+ 1-0